Notas de Arqueologia Alto Alentejana (Record no. 46044)
[ view plain ]
| 000 -Etiqueta do registo | |
|---|---|
| Valores | 00459nam a2200157 4500 |
| 100 ## - Dados gerais de processamento | |
| Dados gerais | 20260423 pory50 |
| 101 ## - Língua de publicação | |
| Língua | por |
| 102 ## - País de publicação | |
| País | PT |
| 200 ## - Titulo e menção de responsabilidade | |
| Título próprio | Notas de Arqueologia Alto Alentejana |
| Título paralelo | In [revista] a Cidade de Évora |
| Informação de outro título | Cerâmica Luso-Romana do Museu Arqueológico de Vila Viçosa |
| Primeira menção de responsabilidade | Abel Viana |
| 210 ## - Publicação | |
| Local de publicação | Évora |
| Nome do editor | Tulio Espanca |
| Data de publicação | 1953 |
| 215 ## - Descrição física | |
| Paginação / Volumes | 1 v. |
| 675 ## - CDU | |
| Notação | 738(469) |
| 801 ## - Fonte de origem | |
| País | PT |
| Regras de catalogação | RPC |
| 990 ## - Elementos KOHA | |
| Tipo de documento | Jornais e Revistas |
| Aquisição | Empréstimo | Código de barras | Cota | Permissão de empréstimo | Tipo de documento | Nota relativa ao exemplar |
|---|---|---|---|---|---|---|
| Fundo Local do Concelho | Fundo Local do Concelho | 057201 | 738(469) VIA | Consulta presencial | Livro | fotocópia do original. In A Cidade de Évora ano X, n.º 33-34 1953 |